[Event "SLO-chT Central Superliga 15th"]
[Site "Slovenia"]
[Date "2014.10.09"]
[Round "5.1"]
[White "Janzelj, Tim"]
[Black "Korosec, Stane"]
[Result "1/2-1/2"]
[WhiteElo "2316"]
[BlackElo "2012"]
[PlyCount "97"]
[EventDate "2014.09.11"]
[EventType "team-tourn"]
[EventRounds "9"]
[EventCountry "SLO"]
[SourceTitle "EXT 2022"]
[Source "ChessBase"]
[SourceDate "2021.10.06"]
[SourceVersion "1"]
[SourceVersionDate "2021.10.06"]
[SourceQuality "1"]
[WhiteTeam "Ig"]
[BlackTeam "Barob Smarca"]
[WhiteTeamCountry "SLO"]
[BlackTeamCountry "SLO"]

1. e4 e5 2. Nf3 Nc6 3. d4 exd4 4. Nxd4 Bc5 5. Nxc6 Qf6 6. Qf3 Qxf3 7. gxf3 dxc6 8. Be3 Bxe3 9. fxe3 Nf6 10. Bc4 Be6 11. Bxe6 fxe6 12. Nd2 Ke7 13. Rg1 g6 14. Nc4 Rhd8 15. Ke2 Nd7 16. h4 Kf6 17. Rg5 b6 18. Rag1 Rg8 19. f4 Rg7 20. h5 Kf7 21. f5 c5 22. fxg6+ hxg6 23. hxg6+ Kf6 24. e5+ Ke7 25. Nd2 Rh8 26. Ne4 Rh6 27. Kd3 a6 28. Kc3 Nf8 29. a4 Rhxg6 30. Kd3 Nd7 31. Rxg6 Rxg6 32. Rh1 Nxe5+ 33. Kc3 Kd7 34. a5 Kc6 35. b3 Rg4 36. Nf6 Rg3 37. Kd2 Ng4 38. Nxg4 Rxg4 39. Rh6 Re4 40. Kd3 Re5 41. axb6 cxb6 42. c4 b5 43. e4 Kd6 44. Ke3 Rg5 45. Kf4 Rg1 46. e5+ Kd7 47. Rh7+ Kd8 48. Rh6 Kd7 49. Rh7+ 1/2-1/2

[Event "WC-2018-P-00008"]
[Site "LSS email"]
[Date "2014.02.03"]
[Round "?"]
[White "Gorra, Gorban Grigorii"]
[Black "Korosec, Stane"]
[Result "1/2-1/2"]
[WhiteElo "1772"]
[BlackElo "1755"]
[PlyCount "26"]
[EventDate "2014.02.10"]
[EventType "tourn (corr)"]
[EventRounds "12"]
[EventCountry "GER"]
[SourceTitle "Corr 2015"]
[Source "ChessBase"]
[SourceDate "2015.07.17"]
[SourceVersion "1"]
[SourceVersionDate "2015.07.17"]
[SourceQuality "1"]

1. e4 e5 2. Nf3 Nc6 3. Bc4 Nf6 4. d3 Be7 5. 0-0 0-0 6. Re1 d6 7. a4 Be6 8. Nbd2 Qd7 9. c3 Rfe8 10. Qb3 Nd8 11. Qc2 h6 12. b4 a6 13. h3 Nh7 1/2-1/2

[Event "WC-2018-P-00008"]
[Site "LSS email"]
[Date "2014.02.03"]
[Round "?"]
[White "Lind, Anders"]
[Black "Korosec, Stane"]
[Result "1/2-1/2"]
[WhiteElo "1879"]
[BlackElo "1755"]
[PlyCount "22"]
[EventDate "2014.02.10"]
[EventType "tourn (corr)"]
[EventRounds "12"]
[EventCountry "GER"]
[SourceTitle "Corr 2015"]
[Source "ChessBase"]
[SourceDate "2015.07.17"]
[SourceVersion "1"]
[SourceVersionDate "2015.07.17"]
[SourceQuality "1"]

1. e4 e5 2. Nf3 Nc6 3. Bb5 a6 4. Ba4 Nf6 5. 0-0 Be7 6. Re1 b5 7. Bb3 0-0 8. a4 b4 9. d4 d6 10. dxe5 dxe5 11. Bg5 Qxd1 1/2-1/2

[Event "WC-2018-P-00008"]
[Site "LSS email"]
[Date "2014.02.03"]
[Round "?"]
[White "Roberts, Anthony"]
[Black "Korosec, Stane"]
[Result "1-0"]
[WhiteElo "2162"]
[BlackElo "1755"]
[PlyCount "49"]
[EventDate "2014.02.10"]
[EventType "tourn (corr)"]
[EventRounds "12"]
[EventCountry "GER"]
[SourceTitle "Corr 2015"]
[Source "ChessBase"]
[SourceDate "2015.07.17"]
[SourceVersion "1"]
[SourceVersionDate "2015.07.17"]
[SourceQuality "1"]

1. e4 e5 2. Nf3 Nc6 3. Bb5 a6 4. Ba4 Nf6 5. 0-0 Be7 6. Re1 b5 7. Bb3 0-0 8. c3 d5 9. exd5 Nxd5 10. Nxe5 Nxe5 11. Rxe5 c6 12. d4 Bd6 13. Re1 Qh4 14. g3 Qh3 15. Be3 Bg4 16. Qd3 f5 17. f4 g5 18. Qf1 Qh5 19. Nd2 h6 20. a4 bxa4 21. Rxa4 Kh8 22. Bxd5 cxd5 23. Ra5 Rae8 24. Rxd5 gxf4 25. Bxf4 1-0

[Event "Ljubljana-chT 67th"]
[Site "Gostovanja"]
[Date "2014.01.16"]
[Round "2.1"]
[White "Korosec, Stane"]
[Black "Sindicic, Branko"]
[Result "1/2-1/2"]
[WhiteElo "2022"]
[BlackElo "1835"]
[PlyCount "62"]
[EventDate "2014.01.09"]
[EventType "team-tourn"]
[EventRounds "9"]
[EventCountry "SLO"]
[SourceTitle "EXT 2015"]
[Source "ChessBase"]
[SourceDate "2014.11.20"]
[SourceVersion "1"]
[SourceVersionDate "2014.11.20"]
[SourceQuality "1"]
[WhiteTeam "Barob Smarca"]
[BlackTeam "Zelenci LPP"]
[WhiteTeamCountry "SLO"]
[BlackTeamCountry "SLO"]

1. e4 g6 2. d4 Bg7 3. Nf3 d6 4. Bc4 Nf6 5. Nc3 0-0 6. 0-0 c6 7. Bb3 b5 8. a3 a6 9. Re1 Qc7 10. e5 Ng4 11. h3 Nh6 12. e6 d5 13. exf7+ Nxf7 14. Ne2 Nh6 15. Ng3 e6 16. c3 Nf5 17. Nxf5 exf5 18. Bg5 h6 19. Bh4 g5 20. Bg3 f4 21. Bh2 Bf5 22. Bc2 Qf7 23. Qe2 Nd7 24. Bxf5 Qxf5 25. Qe6+ Qxe6 26. Rxe6 Rf6 27. Rae1 Rxe6 28. Rxe6 Rc8 29. g3 Kf7 30. Re2 fxg3 31. Bxg3 Re8 1/2-1/2

[Event "SLO-chT Central Superliga 14th"]
[Site "Slovenia"]
[Date "2013.09.26"]
[Round "2.1"]
[White "Korosec, Stane"]
[Black "Coklin, Marko"]
[Result "1-0"]
[WhiteElo "2032"]
[BlackElo "2211"]
[PlyCount "91"]
[EventDate "2013.09.19"]
[EventType "team-tourn"]
[EventRounds "9"]
[EventCountry "SLO"]
[SourceTitle "EXT 2022"]
[Source "ChessBase"]
[SourceDate "2021.10.06"]
[SourceVersion "1"]
[SourceVersionDate "2021.10.06"]
[SourceQuality "1"]
[WhiteTeam "Barob Smarca"]
[BlackTeam "Trzin Buscotrade"]
[WhiteTeamCountry "SLO"]
[BlackTeamCountry "SLO"]

1. e4 c5 2. Nf3 Nc6 3. d4 cxd4 4. Nxd4 g6 5. Nc3 Bg7 6. Be3 Nf6 7. f3 0-0 8. Qd2 d5 9. exd5 Nxd5 10. Nxc6 bxc6 11. Nxd5 Qxd5 12. Qxd5 cxd5 13. 0-0-0 Rd8 14. Kb1 Rb8 15. Bc1 e5 16. Bc4 Be6 17. Bb3 f5 18. h3 Kf7 19. Rhe1 Bf6 20. Re3 Rb7 21. Red3 Rbd7 22. Ba4 Rc7 23. Bb3 d4 24. Re1 Rb8 25. Bxe6+ Kxe6 26. Rxd4 Rbc8 27. c3 Rb7 28. Kc2 Rc6 29. Ra4 a6 30. Ra5 h5 31. Bf4 Rb5 32. Rxb5 axb5 33. Bxe5 Bxe5 34. f4 Rc5 35. Rxe5+ Rxe5 36. fxe5 h4 37. Kd3 Kxe5 38. Ke3 g5 39. b3 Kd5 40. a4 bxa4 41. bxa4 Kc4 42. a5 Kb5 43. Kd4 g4 44. Ke5 Kxa5 45. Kxf5 gxh3 46. gxh3 1-0

[Event "Ljubljana-chT 66th 1st League"]
[Site "Ljubljana"]
[Date "2013.02.07"]
[Round "4.1"]
[White "Bohorc, Edo"]
[Black "Korosec, Stane"]
[Result "1/2-1/2"]
[WhiteElo "2052"]
[BlackElo "2006"]
[PlyCount "33"]
[EventDate "2013.01.10"]
[EventType "team-tourn"]
[EventRounds "9"]
[EventCountry "SLO"]
[SourceTitle "EXT 2022"]
[Source "ChessBase"]
[SourceDate "2021.10.06"]
[SourceVersion "1"]
[SourceVersionDate "2021.10.06"]
[SourceQuality "1"]
[WhiteTeam "Bor Dob"]
[BlackTeam "Barob Smarca"]
[WhiteTeamCountry "SLO"]
[BlackTeamCountry "SLO"]

1. e4 e5 2. Nf3 Nc6 3. Bc4 Bc5 4. 0-0 Nf6 5. d3 h6 6. c3 d6 7. Be3 Bb6 8. Nbd2 0-0 9. h3 Be6 10. b4 Nh7 11. a4 Bxe3 12. fxe3 Bxc4 13. Nxc4 Qd7 14. Nh2 f5 15. Rxf5 Rxf5 16. exf5 Qxf5 17. e4 1/2-1/2

[Event "SLO-chT 1st League Central"]
[Site "Ljubljana"]
[Date "2012.09.13"]
[Round "2.1"]
[White "Hrescak, Ivana"]
[Black "Korosec, Stane"]
[Result "1-0"]
[WhiteElo "1691"]
[BlackElo "2063"]
[PlyCount "77"]
[EventDate "2012.09.06"]
[EventType "team-swiss"]
[EventRounds "9"]
[EventCountry "SLO"]
[SourceTitle "EXT 2019"]
[Source "ChessBase"]
[SourceDate "2018.10.10"]
[SourceVersion "1"]
[SourceVersionDate "2018.10.10"]
[SourceQuality "1"]
[WhiteTeam "Torbarji"]
[BlackTeam "Barob Smarca"]
[WhiteTeamCountry "SLO"]
[BlackTeamCountry "SLO"]

1. d4 d5 2. c4 c6 3. Nf3 Nf6 4. Nc3 e6 5. Bg5 Be7 6. e3 Nbd7 7. Rc1 0-0 8. Bd3 h6 9. Bh4 dxc4 10. Bxc4 b5 11. Bd3 Bb7 12. 0-0 a6 13. Bb1 Rc8 14. Qc2 g6 15. Rfd1 Nd5 16. Bxe7 Qxe7 17. Qe2 Nxc3 18. bxc3 c5 19. e4 c4 20. Qe3 Kg7 21. Nd2 e5 22. f4 exf4 23. Qxf4 Nf6 24. Re1 Rce8 25. Nf3 Nxe4 26. Nd2 Qg5 27. Rxe4 Qd5 28. Qg3 b4 29. Rg4 Re6 30. Be4 Qd7 31. Bf5 bxc3 32. Nxc4 Rfe8 33. Ne5 Qd6 34. Bxe6 Rxe6 35. Rxc3 h5 36. Rh4 a5 37. Rc1 Qb4 38. Rf1 Re7 39. Rxf7+ 1-0

[Event "SLO-chT Central 1st League 12th"]
[Site "Slovenia"]
[Date "2011.09.29"]
[Round "3.1"]
[White "Korosec, Stane"]
[Black "Novakovic, Perica"]
[Result "0-1"]
[WhiteElo "2085"]
[BlackElo "1944"]
[PlyCount "88"]
[EventDate "2011.09.08"]
[EventType "team-tourn"]
[EventRounds "9"]
[EventCountry "SLO"]
[SourceTitle "EXT 2022"]
[Source "ChessBase"]
[SourceDate "2021.10.06"]
[SourceVersion "1"]
[SourceVersionDate "2021.10.06"]
[SourceQuality "1"]
[WhiteTeam "Barob Smarca"]
[BlackTeam "Zeleznicar"]
[WhiteTeamCountry "SLO"]
[BlackTeamCountry "SLO"]

1. e4 e5 2. Nf3 Nc6 3. Bb5 a6 4. Ba4 Nf6 5. 0-0 Be7 6. Re1 b5 7. Bb3 0-0 8. c3 d6 9. h3 Na5 10. Bc2 c5 11. d4 cxd4 12. cxd4 Qc7 13. Nbd2 Bb7 14. d5 Rac8 15. Bd3 Nd7 16. Nf1 Nc5 17. Bb1 Nc4 18. b3 Nb6 19. Ng3 h6 20. Be3 Qd8 21. Qd2 Nbd7 22. Bc2 Nf6 23. Rac1 Nh7 24. b4 Nd7 25. Nf5 Ndf6 26. Nxg7 Kxg7 27. Bxh6+ Kh8 28. Bxf8 Qxf8 29. Nh4 Nxd5 30. exd5 Bxh4 31. Qd3 Qg7 32. Bb3 Rg8 33. Qf1 Bc8 34. Kh2 Bg5 35. Rc3 Bd2 36. Rg3 Bf4 37. Ree3 e4 38. Kh1 Bxg3 39. fxg3 f5 40. Qf4 Qe5 41. Qh4 Bb7 42. Qf4 Qxf4 43. gxf4 Nf6 44. Re1 Bxd5 0-1

[Event "SLO-chT Central 1st League 12th"]
[Site "Slovenia"]
[Date "2011.09.08"]
[Round "1.1"]
[White "Korosec, Stane"]
[Black "Hribar, Janez"]
[Result "1/2-1/2"]
[WhiteElo "2085"]
[BlackElo "2078"]
[PlyCount "42"]
[EventDate "2011.09.08"]
[EventType "team-tourn"]
[EventRounds "9"]
[EventCountry "SLO"]
[SourceTitle "EXT 2022"]
[Source "ChessBase"]
[SourceDate "2021.10.06"]
[SourceVersion "1"]
[SourceVersionDate "2021.10.06"]
[SourceQuality "1"]
[WhiteTeam "Barob Smarca"]
[BlackTeam "Crni Graben"]
[WhiteTeamCountry "SLO"]
[BlackTeamCountry "SLO"]

1. e4 Nf6 2. e5 Nd5 3. c4 Nb6 4. d4 d6 5. exd6 exd6 6. Nc3 Be7 7. Nf3 Bg4 8. Be2 Nc6 9. b3 0-0 10. 0-0 d5 11. c5 Nc8 12. Bf4 a6 13. Ne5 Bxe2 14. Nxc6 bxc6 15. Qxe2 Bf6 16. Qd3 Ne7 17. Rfe1 Ng6 18. Bg3 h5 19. h3 h4 20. Bh2 Qd7 21. Rad1 Rfe8 1/2-1/2

[Event "SLO-chT Central 1st League 11th"]
[Site "Slovenia"]
[Date "2010.11.04"]
[Round "7.1"]
[White "Hribar, Janez"]
[Black "Korosec, Stane"]
[Result "1/2-1/2"]
[WhiteElo "2079"]
[BlackElo "1848"]
[PlyCount "20"]
[EventDate "2010.09.09"]
[EventType "team-tourn"]
[EventRounds "9"]
[EventCountry "SLO"]
[SourceTitle "EXT 2022"]
[Source "ChessBase"]
[SourceDate "2021.10.06"]
[SourceVersion "1"]
[SourceVersionDate "2021.10.06"]
[SourceQuality "1"]
[WhiteTeam "Crni Graben"]
[BlackTeam "Barob Smarca"]
[WhiteTeamCountry "SLO"]
[BlackTeamCountry "SLO"]

1. e4 e5 2. Nf3 Nc6 3. Bb5 a6 4. Ba4 d6 5. c3 Nge7 6. d4 Bd7 7. Bb3 h6 8. Nbd2 Ng6 9. Nc4 Be7 10. 0-0 0-0 1/2-1/2

[Event "LSS No Engine Cup 10 Final"]
[Site "LSS email"]
[Date "2010.07.18"]
[Round "?"]
[White "Korosec, Stane"]
[Black "Bilsel, Sabahaddin"]
[Result "0-1"]
[WhiteElo "1865"]
[BlackElo "1938"]
[PlyCount "62"]
[EventDate "2010.07.19"]
[EventType "tourn (corr)"]
[EventRounds "6"]
[EventCountry "GER"]
[SourceTitle "Telechess CBM 145"]
[Source "Chessbase"]
[SourceDate "2011.11.11"]
[SourceVersion "1"]
[SourceVersionDate "2011.11.11"]
[SourceQuality "1"]

1. e4 c5 2. Nf3 e6 3. Nc3 Nc6 4. d3 Nf6 5. g3 d5 6. Bg2 Be7 7. 0-0 0-0 8. Qe2 h6 9. e5 Nd7 10. Re1 a6 11. a4 b6 12. Bd2 Bb7 13. h4 Nb4 14. Rac1 Qc7 15. Bf4 d4 16. Ne4 Nd5 17. Qd2 Nxf4 18. Qxf4 Rac8 19. Nd6 Bxd6 20. exd6 Qb8 21. g4 Bxf3 22. Bxf3 e5 23. Qf5 Rcd8 24. g5 Qxd6 25. a5 b5 26. Rcd1 g6 27. Qg4 f5 28. Qg2 hxg5 29. Qxg5 e4 30. dxe4 Ne5 31. Qg3 f4 0-1

[Event "LSS No Engine Cup 10 Final"]
[Site "LSS email"]
[Date "2010.07.18"]
[Round "?"]
[White "Korosec, Stane"]
[Black "Kroes, Friso"]
[Result "0-1"]
[WhiteElo "1856"]
[BlackElo "2083"]
[PlyCount "44"]
[EventDate "2010.07.19"]
[EventType "tourn (corr)"]
[EventRounds "6"]
[EventCountry "GER"]
[SourceTitle "Telechess CBM 143"]
[Source "ChessBase"]
[SourceDate "2011.07.15"]
[SourceVersion "1"]
[SourceVersionDate "2011.07.15"]
[SourceQuality "1"]

1. e4 c5 2. Nf3 Nc6 3. d4 cxd4 4. Nxd4 Nf6 5. Nc3 e5 6. Ndb5 d6 7. Bg5 a6 8. Na3 b5 9. Bxf6 gxf6 10. Nd5 f5 11. c3 Bg7 12. exf5 Bxf5 13. Nc2 0-0 14. Nce3 Be6 15. Bd3 f5 16. Qh5 Ra7 17. Bc2 b4 18. 0-0 bxc3 19. Nxc3 Nd4 20. Bd3 d5 21. Rfd1 Rf6 22. Rd2 e4 0-1

[Event "LSS No Engine Cup 05 Final"]
[Site "LSS email"]
[Date "2010.05.03"]
[Round "?"]
[White "Korosec, Stane"]
[Black "Caillet, Serge"]
[Result "1/2-1/2"]
[WhiteElo "1867"]
[BlackElo "2025"]
[PlyCount "39"]
[EventDate "2010.05.04"]
[EventType "tourn (corr)"]
[EventRounds "6"]
[EventCountry "GER"]
[SourceTitle "Telechess CBM 141"]
[Source "ChessBase"]
[SourceDate "2011.03.17"]
[SourceVersion "1"]
[SourceVersionDate "2011.03.17"]
[SourceQuality "1"]

1. e4 c5 2. Nf3 g6 3. d4 cxd4 4. Nxd4 Bg7 5. Nc3 Nc6 6. Be3 Nf6 7. Qd2 0-0 8. f3 d5 9. Nxc6 bxc6 10. 0-0-0 Qa5 11. exd5 cxd5 12. Bd4 Rb8 13. Kb1 Be6 14. g4 Rb4 15. Ne2 Rfb8 16. b3 Qc7 17. h4 h5 18. g5 Nd7 19. Bxg7 Kxg7 20. Nd4 1/2-1/2

[Event "LSS No Engine Cup 05 Final"]
[Site "LSS email"]
[Date "2010.05.03"]
[Round "?"]
[White "Korosec, Stane"]
[Black "Correa de Almeida, Claudio"]
[Result "1/2-1/2"]
[WhiteElo "1848"]
[BlackElo "1777"]
[PlyCount "33"]
[EventDate "2010.05.04"]
[EventType "tourn (corr)"]
[EventRounds "6"]
[EventCountry "GER"]
[SourceTitle "Corr 2013"]
[Source "ChessBase"]
[SourceDate "2012.11.12"]
[SourceVersion "1"]
[SourceVersionDate "2012.11.12"]
[SourceQuality "1"]

1. e4 c5 2. Nf3 e6 3. d4 cxd4 4. Nxd4 Nf6 5. Nc3 d6 6. g4 Nc6 7. g5 Nd7 8. Be3 Be7 9. h4 0-0 10. Qh5 a6 11. 0-0-0 Nxd4 12. Bxd4 b5 13. Bd3 Ne5 14. f4 Nxd3+ 15. Rxd3 b4 16. Ne2 Qa5 17. Kb1 1/2-1/2

[Event "Ljubljana-chT 63rd 2nd League"]
[Site "Ljubljana"]
[Date "2010.02.20"]
[Round "6.1"]
[White "Korosec, Stane"]
[Black "Sindicic, Branko"]
[Result "1-0"]
[WhiteElo "1834"]
[BlackElo "1922"]
[PlyCount "141"]
[EventDate "2010.01.07"]
[EventType "team-tourn"]
[EventRounds "9"]
[EventCountry "SLO"]
[SourceTitle "EXT 2022"]
[Source "ChessBase"]
[SourceDate "2021.10.06"]
[SourceVersion "1"]
[SourceVersionDate "2021.10.06"]
[SourceQuality "1"]
[WhiteTeam "Barob Smarca II"]
[BlackTeam "Zelenci LPP"]
[WhiteTeamCountry "SLO"]
[BlackTeamCountry "SLO"]

1. e4 g6 2. d4 Bg7 3. Bc4 c5 4. c3 Nc6 5. dxc5 Nf6 6. f3 0-0 7. Ne2 b6 8. Be3 bxc5 9. Bxc5 d6 10. Bf2 Rb8 11. Bb3 Ba6 12. 0-0 Qa5 13. Nd2 Ne5 14. Rb1 Nh5 15. Be3 Rfc8 16. g3 Bd3 17. Ra1 Qa6 18. Rf2 e6 19. g4 Nf6 20. Nf4 Bb5 21. h4 Rd8 22. Nf1 Bc4 23. g5 Nfd7 24. Bxc4 Nxc4 25. Bc1 Nxb2 26. Bxb2 Rxb2 27. Rxb2 Bxc3 28. Rab1 Bxb2 29. Rxb2 Ne5 30. Ne3 Qa3 31. Qb3 Qc5 32. Kf2 Qd4 33. Qb4 Nd3+ 34. Nxd3 Qxd3 35. Rb3 Qa6 36. Ra3 Qc8 37. Rxa7 Qc1 38. Qc4 Qh1 39. Ng2 Qd1 40. Rc7 d5 41. exd5 exd5 42. Qc2 Qd4+ 43. Kg3 Qe5+ 44. f4 Qe6 45. Qc6 Qf5 46. Qc2 Qe6 47. Rc6 Qd7 48. Rc3 d4 49. Rd3 Qf5 50. Qd2 Qe4 51. Ne3 Qh1 52. Nc2 Qg1+ 53. Qg2 Qc1 54. Rxd4 Rc8 55. Rd2 h5 56. gxh6 Kh7 57. Kh2 Rc4 58. Qf2 Kxh6 59. Ne3 Rb4 60. f5 Qc7+ 61. Kh3 Rb1 62. Qg2 Re1 63. Re2 Rc1 64. fxg6 fxg6 65. Ng4+ Kg7 66. Qf3 Rc6 67. Qe4 Rc3+ 68. Re3 Qc5 69. Rxc3 Qxc3+ 70. Qe3 Qa1 71. Qe5+ 1-0